000 00419nam a22001337a 4500
999 _c60990
_d60990
005 20201124140337.0
008 201124b ||||| |||| 00| 0 eng d
040 _cSTAFF
_dSTAFF
245 _aEin Spaziergang durch das alte Küstrin
_cHerausgegeben vom Verein für die Geschichte Küstrins e.V.
260 _bversos VerlagsService
300 _a36 Seiten
_bIll.
942 _2z
_cBK